| 000 | 01058cac a2200325 i 4500 | ||
|---|---|---|---|
| 003 | EG-GICUC | ||
| 005 | 20260121101411.0 | ||
| 008 | 931102s1994 enka frb 001 0 eng d | ||
| 020 |
_a0631190252 _qalk. paper |
||
| 020 |
_a9780631190257 _q(alk. paper) |
||
| 040 |
_aDLC _cDLC _dDLC _dEG-GICUC _beng _erda |
||
| 050 | 0 | 0 |
_aHM216 _b.S53 1994 |
| 082 | 0 | 0 |
_a341.48 _221 |
| 092 | 0 | 4 | _221 |
| 099 | _aLaw 08 1994 | ||
| 100 | 1 |
_aSmith, David M. _q(David Marshall), _d1936- |
|
| 245 | 1 | 0 |
_aGeography and social justice / _cDavid M. Smith. |
| 264 |
_aOxford, UK ; _aCambridge, Mass., USA : _bBlackwell, _c1994. |
||
| 300 |
_axvi, 325 page : _billustrations ; _c24 cm. |
||
| 336 |
_atext _btxt _2rdacontent |
||
| 337 |
_aunmediated _bn _2rdamedia |
||
| 338 |
_avolume _bnc _2rdacarrier |
||
| 504 | _aIncludes bibliographical references (p. [299]-314) and index. | ||
| 650 | 0 | _aSocial justice. | |
| 650 | 0 | _aHuman geography. | |
| 650 | 0 | _aEquality. | |
| 856 | 4 | 0 | _uhttps://fll.law.cu.edu.eg/fulltext/bks/ENGB08-00071.pdf |
| 905 | _a10 | ||
| 942 |
_2ddc _cBK _e21 _n0 |
||
| 999 |
_c47693 _d47693 |
||